Представление документа в формате RUSMARC

ПолеНазваниеЗначение
  Тип записи a
  Библиографический уровень a
001 Контрольный номер RU/CBS_UL/BASE/711736632
005 Дата корректировки 20260203112211.9
100 Данные общей обработки __
a Данные общей обработки 20260203d2014####|||c0rusy0189 ca
101 Язык документа 0_
a Язык текста rus
102 Страна публикации __
a Страна публикации RU
105 Кодированные данные (монография) __
a Кодированные данные (монография) y###||||000|y
181 Поле кодированных данных: вид содержания _1
a Код вида содержания (ISBD) i#
b Код характеристики содержания (ISBD) #xxe##
d i
g x
h x
i e
182 Поле кодированных данных: тип средства _1
a Код типа средства (ISBD) n
200 Заглавие и сведения об ответственности 1_
a Заглавие Таланты и поклонники. "Симбирскъ" молодой
b Общее обозначение материала Текст
e Сведения, относящиеся к заглавию [в каминном зале Дворца книги прошла встреча с молодыми литераторами]
203 Вид содержания и тип средства __
a Вид содержания Текст
b Характеристика содержания визуальный
c Тип средства непосредственный
333 Примечание о целевом назначении __
a Примечание о целевом назначении 12+
461 Уровень набора _0
1 2000
a Симбирскъ
463 Уровень физической единицы _0
1 2000
a № 3
b Текст
v С. 95-96 : фото
1 2101
d 2014
1 001RU/REG73/CBS_GRAD/56bfd01a41224a54a540831892948bc0
606 Тематические рубрики 0_
a Основная рубрика Российское литературоведение, 21 в. - Ульяновские писатели и поэты
610 Ключевые слова 0_
a Ключевые слова литературоведение
610 Ключевые слова 0_
a Ключевые слова российское литературоведение
610 Ключевые слова 0_
a Ключевые слова современное российское литературоведение
610 Ключевые слова 0_
a Ключевые слова писатели
610 Ключевые слова 0_
a Ключевые слова современные писатели
610 Ключевые слова 0_
a Ключевые слова журналы
610 Ключевые слова 0_
a Ключевые слова литературные журналы
610 Ключевые слова 0_
a Ключевые слова Симбирскъ (литературные журналы)
610 Ключевые слова 0_
a Ключевые слова встречи с литераторами
686 Индексы других классификаций __
a Классификационный индекс 83.3(2Рос=Рус)6
2 Код системы rubbk
801 Источник записи _0
a Страна RU
b Организация RuCBSGrad
c Дата составления 20260203
g Правила каталогизации RCR
801 Источник записи _1
a Страна RU
b Организация RuCBSGrad
c Дата составления 20260203
g Правила каталогизации RCR
852 Данные о местонахождении __
a Наименование организации МБУК ЦБС г. Димитровграда
901 Тип документа __
t Тип документа b
w Контрольный № источника RU/REG73/CBS_GRAD/56bfd01a41224a54a540831892948bc0
909 Создатель записи __
a Создатель записи Тенигина
b Дата создания записи 20260203